00486 2200205 4500001002100000005001500021008004100036020001800077035001900095041000700114082001000121090001600131100001400147700001600161245002500177260003300202300002500235500001100260650000900271INLIS00000000000265320241224112558241224||||||||| | ||| |||| || |  a979-757-119-x 0010-1224002653 aid0 a781.6 a781.6 WIL k0 aWilliam G0 aLay K Yanti00aKumpulan Lagu daerah aJakartabKawan Pustakac2006 aviii+136 hlm;23.5 cm aCet. 1 0aSeni